Michael Crichton Novels (A-Z) Quiz Stats

Quiz Updated Apr 5, 2014

Challenge
Share
Tweet
Embed
Score 0/17 Timer 05:00
2 Plays Today
Letter Novel % Correct
JJurassic Park
96.4%
AThe Andromeda Strain, Airframe
76.1%
LThe Lost World, The Last Tomb*
67.2%
CCongo, A Case of Need
59.9%
SSphere, State of Fear, Scratch One
52.3%
TThe Terminal Man, Timeline
44.8%
PPirate Latitudes, Prey
37.7%
GThe Great Train Robbery, Grave Descend
35.1%
DDisclosure, Drug of Choice, Dealing
32.3%
Letter Novel % Correct
RRising Sun
31.2%
EEaters of the Dead, Easy Go*
30.2%
NNext
26.8%
MMicro
19.7%
BBinary
9.7%
ZZero Cool
8.9%
OOdds On
8.1%
VThe Venom Business
8%

You're not logged in!

Compare scores with friends on all Sporcle quizzes.
Join for Free
OR
Log In

You Might Also Like...

Show Comments

Extras

Top Quizzes Today


Score Distribution

Your Account Isn't Verified!

In order to create a playlist on Sporcle, you need to verify the email address you used during registration. Go to your Sporcle Settings to finish the process.

Report this User

Report this user for behavior that violates our Community Guidelines.

Details: